| 000 | 00559nam a2200181Ia 4500 | ||
|---|---|---|---|
| 005 | 20250423100328.0 | ||
| 008 | 250422s9999 xx 000 0 und d | ||
| 020 | _a9781563575 | ||
| 050 | _aHC 1000 .N83/ | ||
| 100 | _aNwachukwu, Ike. | ||
| 245 | 0 | _aNigeria and the ECOWAS since 1985 : towards a dynamic regional integration | |
| 260 | _aEnugu-Nigeria | ||
| 260 | _bFourth Dimension Publishing co. Ltd. | ||
| 260 | _c1991 | ||
| 300 | _a258 p | ||
| 650 | _aEconomic Community of West African States. Africa, West--Economic integration. | ||
| 942 | _cBK | ||
| 999 |
_c32975 _d32975 |
||